|
|
|
|
| LEADER |
00000cam a2200000 7i4500 |
| 001 |
0000004837 |
| 005 |
20151222.0 |
| 008 |
070731 |
| 020 |
|
|
|a 9833351069(set)
|
| 020 |
|
|
|a 9833351085
|
| 090 |
0 |
0 |
|a JF
|b MOR MAL (5389)
|
| 100 |
0 |
|
|a Shafie bin Abdul Rahman
|
| 245 |
1 |
0 |
|a Peladang yang jujur
|c Shafie bin Abdul Rahman
|
| 260 |
|
|
|a Selangor :
|b Percetakan Sermaju Sdn.Bhd ,
|c 2006
|
| 440 |
|
|
|a Siri bacaan teladan sivik
|
| 500 |
|
|
|a Children ages 7-9 years old (orange)
|
| 650 |
|
0 |
|a Junior fiction
|x Malay
|x Languages
|
| 650 |
|
0 |
|a Moral
|x Fiction
|
| 999 |
|
|
|a 0000906799
|b Book
|c Teenagers
|e Cawangan Bandar Tenggara
|
| 999 |
|
|
|a 0000976320
|b Book
|c Children Collection
|e Perbadanan Perpustakaan Awam Johor
|
| 999 |
|
|
|a 0000976321
|b Book
|c Children Collection
|e Perbadanan Perpustakaan Awam Johor
|
| 999 |
|
|
|a 0000976322
|b Book
|c Children Collection
|e Perbadanan Perpustakaan Awam Johor
|
| 999 |
|
|
|a 0000976324
|b Book
|c Children Collection
|e Cawangan Sri Merlong
|
| 999 |
|
|
|a 0001084622
|b Book
|c Children Collection
|e Cawangan Pontian
|
| 999 |
|
|
|a 0001084625
|b Book
|c Children Collection
|e Cawangan Mersing
|
| 999 |
|
|
|a 0001084626
|b Book
|c Children Collection
|e Cawangan Pontian
|
| 999 |
|
|
|a 0001150165
|b Book
|c Children Collection
|e Cawangan Taman Universiti
|
| 999 |
|
|
|a 0001150169
|b Book
|c Children Collection
|e Cawangan Mersing
|